MARC

LEADER 00000nam0a2200000 4500
001 342681
005 20231102005458.0
035 |a (RuTPU)RU\TPU\book\371860 
090 |a 342681 
100 |a 20190321d1979 m y0rusy50 ca 
101 0 |a rus 
102 |a RU 
105 |a a j 001zy 
200 1 |a Основы региональной гидрогеологии (структурная гидрогеология)  |e конспект лекций  |f В. М. Степанов  |g Иркутский политехнический институт 
210 |a Иркутск  |c Изд-во ИркПИ  |d 1979 
215 |a 53 с.  |c ил. 
320 |a Библиогр.: с. 52 
606 1 |a Гидрогеология  |2 stltpush  |3 (RuTPU)RU\TPU\subj\38647  |9 59032 
610 1 |a структурная гидрогеология 
610 1 |a горные породы 
610 1 |a подземные воды 
610 1 |a коллекторы 
610 1 |a формирование 
610 1 |a поровые коллекторы 
610 1 |a гидрогеологические бассейны 
610 1 |a обводненные территории 
610 1 |a лекции 
610 1 |a учебные пособия 
675 |a 556.3(075.8)  |v 4 
700 1 |a Степанов  |b В. М.  |g Вадим Михайлович 
712 0 2 |a Иркутский политехнический институт  |c (1960-1993)  |2 stltpush  |3 (RuTPU)RU\TPU\col\233  |9 23293 
801 1 |a RU  |b 63413507  |c 20190321 
801 2 |a RU  |b 63413507  |c 20231016  |g RCR 
942 |c BK